Statystyki dla Loga organizacji międzynarodowych

Kliknij tutaj aby rozwiązać quiz!

Ogólne statystyki

  • Ten quiz został rozwiązany 22 razy
  • Średni wynik to 12 z 32

Statystyki odpowiedzi

Odpowiedź% Poprawnych
Organizacja Narodów Zjednoczonych
100%
Fundusz Narodów Zjednoczonych na rzecz Dzieci
90%
Organizacja Traktatu Północnoatlantyckiego
90%
Unia Europejska
90%
Grupa Wyszehradzka
80%
Światowa Organizacja Zdrowia
70%
Organizacja Narodów Zjednoczonych do spraw Edukacji, Nauki i Kultury
60%
Rada Europy
50%
Trójkąt Weimarski
50%
Unia Afrykańska
50%
Liga Państw Arabskich
40%
Organizacja Bezpieczeństwa i Współpracy w Europie
40%
Organizacja Krajów Eksportujących Ropę Naftową
40%
Organizacja Narodów Zjednoczonych do spraw Wyżywienia i Rolnictwa
40%
Stowarzyszenie Narodów Azji Południowo-Wschodniej
40%
Organizacja Państw Amerykańskich
30%
Organizacja Współpracy Gospodarczej i Rozwoju
30%
Północnoamerykańska Strefa Wolnego Handlu
30%
Wspólnota Niepodległych Państw
30%
Bank Światowy
20%
Środkowoeuropejskie Porozumienie o Wolnym Handlu
20%
Światowa Organizacja Handlu
20%
Wspólnota Gospodarcza Azji i Pacyfiku
20%
Europejskie Stowarzyszenie Wolnego Handlu
10%
Inicjatywa Środkowoeuropejska
10%
Międzynarodowy Fundusz Walutowy
10%
Pakt Bezpieczeństwa Pacyfiku
10%
Wspólnota Gospodarcza Państw Afryki Zachodniej
10%
Wspólny Rynek Południa
10%
Organizacja na rzecz Demokracji i Rozwoju
0%
Organizacja Paktu Azji Południowo-Wschodniej
0%
Rada Państw Morza Bałtyckiego
0%

Rozkład punktacji

Percentyl według liczby udzielonych odpowiedzi

Procent ludzi z każdym wynikiem

Twoja historia wyników

Nie rozwiązałeś tego quizu